000 00382nam a2200157 a 4500
001 20592
005 20180713214212.0
008 140415s1977 mx 000 0 spa d
041 _aspa
082 _a158.1
_bHAC
245 0 0 _aHACIA UN EXITO ILIMITADO
250 _a1a ed.
260 _aMEXICO :
_bDIANA,
_c1977
300 _a266
650 1 4 _aEXITO
_xPERSONALIDAD
999 _c20592
_d20592